[Event "Bydgoszcz Fordonski op 3rd"]
[Site "Bydgoszcz"]
[Date "2007.12.30"]
[Round "4.18"]
[White "Wesolowska, Magdalena"]
[Black "Zielinski, Olgierd"]
[Result "0-1"]
[WhiteElo "1994"]
[BlackElo "2002"]
[PlyCount "58"]
[EventDate "2007.12.28"]
[EventType "swiss"]
[EventRounds "5"]
[EventCountry "POL"]
[SourceTitle "EXT 2023"]
[Source "ChessBase"]
[SourceDate "2022.10.05"]
[SourceVersion "1"]
[SourceVersionDate "2022.10.05"]
[SourceQuality "1"]

1. d4 d5 2. Nf3 Nf6 3. c4 dxc4 4. e3 e6 5. Bxc4 a6 6. a4 c5 7. 0-0 Nc6 8. Nc3 cxd4 9. Nxd4 Nxd4 10. exd4 Bd6 11. d5 Bxh2+ 12. Kxh2 Qc7+ 13. d6 Qxc4 14. Bg5 h6 15. Bxf6 gxf6 16. Re1 Qh4+ 17. Kg1 Bd7 18. Nd5 Rd8 19. Qf3 Bc6 20. Nxf6+ Kf8 21. Qc3 Qg5 22. Nd7+ Ke8 23. Nf6+ Kf8 24. f3 e5 25. Rxe5 Qxf6 26. d7 Kg7 27. Rae1 Rxd7 28. Qc4 Rhd8 29. R1e3 Rd4 0-1

[Event "Bydgoszcz Fordonski op 3rd"]
[Site "Bydgoszcz"]
[Date "2007.12.29"]
[Round "3.14"]
[White "Brzezinski, Mateusz"]
[Black "Wesolowska, Magdalena"]
[Result "1-0"]
[WhiteElo "1751"]
[BlackElo "1994"]
[PlyCount "139"]
[EventDate "2007.12.28"]
[EventType "swiss"]
[EventRounds "5"]
[EventCountry "POL"]
[SourceTitle "EXT 2023"]
[Source "ChessBase"]
[SourceDate "2022.10.05"]
[SourceVersion "1"]
[SourceVersionDate "2022.10.05"]
[SourceQuality "1"]

1. c4 e6 2. Nc3 d5 3. cxd5 exd5 4. d4 Nf6 5. g3 Be7 6. Bg2 0-0 7. Nf3 c6 8. 0-0 Bg4 9. Ne5 Bh5 10. Qb3 Qb6 11. Qxb6 axb6 12. h3 b5 13. Re1 b4 14. Nd1 Ne4 15. g4 Bg6 16. f3 Nd6 17. Nxg6 fxg6 18. Bd2 Nc4 19. Bc1 Bh4 20. Nf2 Bf6 21. e3 g5 22. Nd3 b3 23. a3 Nd7 24. Bf1 Be7 25. Be2 c5 26. Bd1 Na5 27. dxc5 Nxc5 28. Nxc5 Bxc5 29. Bd2 Nc4 30. Bc1 Rae8 31. Kg2 Bxe3 32. Bxb3 Bf4 33. Bxc4 Rxe1 34. Bxd5+ Kh8 35. Bxf4 Rxa1 36. Bxg5 h6 37. Be3 Re8 38. Be4 Rd1 39. Kf2 Re7 40. h4 Red7 41. Ke2 Rh1 42. h5 Rh2+ 43. Bf2 Re7 44. Ke3 Rh1 45. Ke2 Kg8 46. Bd4 Kf7 47. Kf2 Rd1 48. Bc3 Rc1 49. Bd5+ Ke8 50. Be4 Kd8 51. Ba5+ Kc8 52. Bf5+ Kb8 53. Bb4 Rf7 54. Ke3 Ka7 55. Kf4 Rc4+ 56. Ke5 Rxb4 57. axb4 Kb6 58. f4 Kb5 59. g5 Kxb4 60. gxh6 gxh6 61. Be6 Rc7 62. f5 Rc2 63. b3 Kc5 64. Kf6 Rg2 65. Ke7 Rg7+ 66. Bf7 Kd4 67. f6 Rg3 68. Be6 Ke5 69. f7 Rg7 70. Ke8 1-0

[Event "Bydgoszcz Fordonski op 3rd"]
[Site "Bydgoszcz"]
[Date "2007.12.29"]
[Round "2.16"]
[White "Wesolowska, Magdalena"]
[Black "Bultrowicz, Leszek"]
[Result "1-0"]
[WhiteElo "1994"]
[BlackElo "1814"]
[PlyCount "103"]
[EventDate "2007.12.28"]
[EventType "swiss"]
[EventRounds "5"]
[EventCountry "POL"]
[SourceTitle "EXT 2023"]
[Source "ChessBase"]
[SourceDate "2022.10.05"]
[SourceVersion "1"]
[SourceVersionDate "2022.10.05"]
[SourceQuality "1"]

1. d4 Nf6 2. Nf3 g6 3. c4 Bg7 4. Nc3 0-0 5. e4 d6 6. Be2 c5 7. 0-0 cxd4 8. Nxd4 Nc6 9. Be3 Ne5 10. h3 Bd7 11. f4 Nc6 12. Rb1 a6 13. b4 Ne8 14. Nd5 e6 15. Nxc6 Bxc6 16. Nb6 Rb8 17. Qd3 f5 18. exf5 exf5 19. Bf3 Nf6 20. Nd5 Re8 21. b5 axb5 22. cxb5 Bxd5 23. Bxd5+ Kh8 24. Ba7 Ra8 25. b6 Nxd5 26. Qxd5 Qd7 27. Rfd1 Rad8 28. Rbc1 Rc8 29. Rxc8 Qxc8 30. Qxd6 Qc3 31. a4 Bf8 32. Qd3 Qb4 33. Qd2 Qxa4 34. Rc1 Qb5 35. Rc7 Bg7 36. Rxb7 Qc5+ 37. Kh2 Bd4 38. Rd7 Bc3 39. b7 Bxd2 40. Bxc5 Bxf4+ 41. g3 Be5 42. Bb6 Kg8 43. Bc7 Bxc7 44. Rxc7 Re2+ 45. Kg1 Rb2 46. Rc8+ Kg7 47. b8Q Rxb8 48. Rxb8 Kf6 49. Kf2 Kg5 50. Kf3 Kh5 51. Kf4 h6 52. Rb6 1-0

[Event "POL-chT 2nd League"]
[Site "Wysowa"]
[Date "2007.09.09"]
[Round "7"]
[White "Wesolowska, Magdalena"]
[Black "Maszota, Natalia"]
[Result "0-1"]
[WhiteElo "2014"]
[BlackElo "2082"]
[PlyCount "84"]
[EventDate "2007.09.03"]
[EventType "team-swiss"]
[EventRounds "9"]
[EventCountry "POL"]
[SourceTitle "EXT 2010"]
[Source "ChessBase"]
[SourceDate "2010.11.25"]
[SourceVersion "1"]
[SourceVersionDate "2010.11.25"]
[SourceQuality "1"]
[WhiteTeam "Bydgoszcz Chemik"]
[BlackTeam "Gdynia Korsarz"]
[WhiteTeamCountry "POL"]
[BlackTeamCountry "POL"]

1. d4 c5 2. d5 g6 3. c4 Bg7 4. Nf3 d6 5. Nc3 Nd7 6. e4 Ngf6 7. Bd3 0-0 8. 0-0 a6 9. Bg5 h6 10. Bh4 Nh5 11. Nd2 Nf4 12. Bc2 g5 13. Bg3 Ng6 14. Rb1 Rb8 15. a4 Nde5 16. Ne2 h5 17. Bxe5 Nxe5 18. Ng3 Bg4 19. f3 h4 20. fxg4 hxg3 21. hxg3 Bf6 22. Qe2 Kg7 23. Nf3 Nxg4 24. Nxg5 Bd4+ 25. Kh1 Rh8+ 26. Nh3 Qd7 27. Rf5 Ne3 28. Rg5+ Kf8 29. Bd3 b5 30. axb5 axb5 31. Rh5 Rxh5 32. Qxh5 Qg4 33. Qxg4 Nxg4 34. cxb5 Ne5 35. Be2 c4 36. Ng5 Kg7 37. Nf3 Rh8+ 38. Nh4 Bf2 39. Kh2 Ng6 40. Bg4 Nxh4 41. gxh4 Rxh4+ 42. Bh3 Rxe4 0-1

[Event "POL-chT 2nd League"]
[Site "Wysowa"]
[Date "2007.09.04"]
[Round "2"]
[White "Wesolowska, Magdalena"]
[Black "Zajkowska, Olga"]
[Result "1-0"]
[WhiteElo "2014"]
[BlackElo "1882"]
[PlyCount "73"]
[EventDate "2007.09.03"]
[EventType "team-swiss"]
[EventRounds "9"]
[EventCountry "POL"]
[SourceTitle "EXT 2010"]
[Source "ChessBase"]
[SourceDate "2010.11.25"]
[SourceVersion "1"]
[SourceVersionDate "2010.11.25"]
[SourceQuality "1"]
[WhiteTeam "Bydgoszcz Chemik"]
[BlackTeam "Warszawa YMCA"]
[WhiteTeamCountry "POL"]
[BlackTeamCountry "POL"]

1. d4 Nf6 2. c4 g6 3. Nc3 Bg7 4. e4 d6 5. Nf3 0-0 6. Be2 Nbd7 7. 0-0 e5 8. Be3 c6 9. d5 c5 10. a3 Ng4 11. Bg5 f6 12. Bc1 a6 13. b4 Qe8 14. Nd2 Nh6 15. Nb3 b6 16. bxc5 bxc5 17. Na5 f5 18. Bg5 Nf7 19. Bd2 Nf6 20. f3 Bd7 21. Rb1 Qd8 22. Nc6 Qc7 23. Ne7+ Kh8 24. exf5 Bxf5 25. Nxf5 gxf5 26. Bd3 e4 27. fxe4 Ng4 28. Ne2 Nfe5 29. Qc2 fxe4 30. Bxe4 Qe7 31. h3 Qh4 32. Bf5 Nh6 33. Bxh7 Nxc4 34. Nf4 Nxa3 35. Ng6+ Kxh7 36. Nxf8+ Kg8 37. Qh7# 1-0

[Event "POL Academic Cup 2nd"]
[Site "Wroclaw"]
[Date "2007.05.02"]
[Round "6"]
[White "Wesolowska, Magdalena"]
[Black "Warakomski, Tomasz"]
[Result "0-1"]
[WhiteElo "1990"]
[BlackElo "2493"]
[PlyCount "56"]
[EventDate "2007.04.28"]
[EventType "swiss"]
[EventRounds "9"]
[EventCountry "POL"]
[SourceTitle "EXT 2011"]
[Source "ChessBase"]
[SourceDate "2010.11.26"]
[SourceVersion "1"]
[SourceVersionDate "2010.11.26"]
[SourceQuality "1"]

1. d4 d5 2. Nf3 Nf6 3. c4 dxc4 4. Nc3 a6 5. a4 Nc6 6. Bg5 h6 7. Bxf6 exf6 8. e3 Na5 9. Nd2 Be6 10. Be2 c6 11. Bf3 Bb4 12. Qc2 0-0 13. 0-0 b5 14. Rfd1 Qb6 15. d5 Bxc3 16. dxe6 Bxd2 17. Qf5 fxe6 18. Qxe6+ Kh8 19. Rxd2 Nb3 20. Rd7 Nc5 21. Qf5 Nxd7 22. Be4 Kg8 23. Qh7+ Kf7 24. Bg6+ Ke6 25. Bf5+ Ke7 26. Bxd7 Kxd7 27. Qxg7+ Ke6 28. Qg4+ f5 0-1

[Event "POL Academic Cup 2nd"]
[Site "Wroclaw"]
[Date "2007.04.30"]
[Round "4"]
[White "Wesolowska, Magdalena"]
[Black "Grossmann, Ryszard"]
[Result "1-0"]
[WhiteElo "1990"]
[BlackElo "2171"]
[PlyCount "54"]
[EventDate "2007.04.28"]
[EventType "swiss"]
[EventRounds "9"]
[EventCountry "POL"]
[SourceTitle "EXT 2011"]
[Source "ChessBase"]
[SourceDate "2010.11.26"]
[SourceVersion "1"]
[SourceVersionDate "2010.11.26"]
[SourceQuality "1"]

1. d4 c5 2. d5 e5 3. e4 d6 4. Bb5+ Bd7 5. Bxd7+ Nxd7 6. Ne2 Be7 7. 0-0 Ngf6 8. f3 0-0 9. Be3 Ne8 10. Ng3 Bg5 11. Bxg5 Qxg5 12. Qd2 Qf6 13. a4 g6 14. Na3 Qe7 15. Nc4 Kg7 16. Ne3 Kh8 17. Rab1 Ng7 18. Qd3 h5 19. b4 cxb4 20. Rxb4 Nc5 21. Qd2 Kh7 22. Rfb1 Rac8 23. Nc4 Rc7 24. Na3 b6 25. Nc4 Na6 26. a5 Nxb4 27. Qxb4 Rc5 1-0

[Event "POL-chT3 0607"]
[Site "Poland"]
[Date "2007.02.04"]
[Round "7.17"]
[White "Wesolowska, Magdalena"]
[Black "Karpinski, Bartlomiej"]
[Result "1-0"]
[WhiteElo "1996"]
[BlackElo "1808"]
[PlyCount "67"]
[EventDate "2006.11.12"]
[EventType "team"]
[EventRounds "11"]
[EventCountry "POL"]
[SourceTitle "EXT 2009"]
[Source "ChessBase"]
[SourceDate "2008.11.26"]
[SourceVersion "1"]
[SourceVersionDate "2008.11.26"]
[SourceQuality "1"]

1. d4 Nf6 2. c4 g6 3. Nc3 Bg7 4. e4 d6 5. Nf3 Bg4 6. Be2 Nbd7 7. 0-0 0-0 8. Be3 c6 9. b4 a5 10. a3 Qc7 11. Rb1 axb4 12. axb4 Ra3 13. Qc2 Rfa8 14. Bc1 R3a7 15. Rd1 Nb6 16. c5 Na4 17. cxd6 Qxd6 18. e5 Qe6 19. Nxa4 Rxa4 20. exf6 Bxf6 21. Bc4 Qd6 22. Qb3 e6 23. Be3 Bxf3 24. gxf3 b5 25. Bf1 Kg7 26. Qc3 Be7 27. d5+ Bf6 28. Bd4 e5 29. Bc5 Qc7 30. dxc6 Ra3 31. Rb3 Rxb3 32. Qxb3 Qxc6 33. Qd5 Qc8 34. Bxb5 1-0

[Event "POL-chT3 0607"]
[Site "Poland"]
[Date "2007.01.14"]
[Round "5.23"]
[White "Wesolowska, Magdalena"]
[Black "Miziula, Patryk"]
[Result "1-0"]
[WhiteElo "1996"]
[BlackElo "1964"]
[PlyCount "87"]
[EventDate "2006.11.12"]
[EventType "team"]
[EventRounds "11"]
[EventCountry "POL"]
[SourceTitle "EXT 2009"]
[Source "ChessBase"]
[SourceDate "2008.11.26"]
[SourceVersion "1"]
[SourceVersionDate "2008.11.26"]
[SourceQuality "1"]

1. d4 Nf6 2. c4 e6 3. Nf3 b6 4. Bg5 Bb7 5. Nc3 Bb4 6. Rc1 0-0 7. e3 d6 8. Bd3 Nbd7 9. 0-0 Bxc3 10. Rxc3 c5 11. Bb1 Qc7 12. Nd2 e5 13. d5 e4 14. Nxe4 Nxe4 15. Bxe4 f5 16. Bb1 Ne5 17. f4 Nxc4 18. Rxc4 Ba6 19. Rc1 Bxf1 20. Qxf1 Rae8 21. Rc3 Qf7 22. Qf3 b5 23. Rc1 a5 24. b3 b4 25. Bd3 Qb7 26. Re1 Qf7 27. Bb5 Re4 28. g4 Kh8 29. Bd3 Rfe8 30. Bxe4 Rxe4 31. gxf5 Qxf5 32. Kf2 a4 33. Rd1 axb3 34. axb3 h6 35. Bh4 Re8 36. Qe2 Qh3 37. Bg3 h5 38. e4 g6 39. Qb2+ Kh7 40. Qf6 Qg4 41. Qf7+ Kh6 42. Qxe8 g5 43. Qh8+ Kg6 44. Qg8+ 1-0

[Event "Bydgoszcz op"]
[Site "Bydgoszcz"]
[Date "2006.09.22"]
[Round "6"]
[White "Szmidt, Przemyslaw"]
[Black "Wesolowska, Magdalena"]
[Result "1/2-1/2"]
[WhiteElo "1934"]
[BlackElo "2035"]
[PlyCount "57"]
[EventDate "2006.09.15"]
[EventType "swiss"]
[EventRounds "9"]
[EventCountry "POL"]
[SourceTitle "EXT 2007"]
[Source "ChessBase"]
[SourceDate "2006.11.23"]
[SourceVersion "1"]
[SourceVersionDate "2006.11.23"]
[SourceQuality "1"]

1. e4 c6 2. d4 d5 3. Nc3 dxe4 4. Nxe4 Nd7 5. Qe2 Ndf6 6. c3 Nxe4 7. Qxe4 Nf6 8. Qc2 Bg4 9. Be2 Qd7 10. Bf4 e6 11. Nf3 Bf5 12. Qb3 Be7 13. 0-0 0-0 14. Ne5 Qc8 15. Bf3 Nd7 16. Nc4 Bd3 17. Rfe1 Bxc4 18. Qxc4 Nb6 19. Qb3 Rd8 20. Rad1 Nd5 21. Bg3 Bd6 22. c4 Nc7 23. d5 Bxg3 24. hxg3 cxd5 25. cxd5 Nxd5 26. Bxd5 Rxd5 27. Rxd5 exd5 28. Qxd5 Qc7 29. Qe4 1/2-1/2

[Event "Bydgoszcz op"]
[Site "Bydgoszcz"]
[Date "2006.09.17"]
[Round "5"]
[White "Wesolowska, Magdalena"]
[Black "Tadych, Anika"]
[Result "1-0"]
[WhiteElo "2035"]
[BlackElo "1926"]
[PlyCount "75"]
[EventDate "2006.09.15"]
[EventType "swiss"]
[EventRounds "9"]
[EventCountry "POL"]
[SourceTitle "EXT 2007"]
[Source "ChessBase"]
[SourceDate "2006.11.23"]
[SourceVersion "1"]
[SourceVersionDate "2006.11.23"]
[SourceQuality "1"]

1. d4 d5 2. Nf3 e6 3. c4 f5 4. Nc3 c6 5. Bg5 Nf6 6. h3 Bd6 7. e3 0-0 8. a3 Qe8 9. c5 Bc7 10. Bf4 Qd8 11. b4 Ne4 12. Qc2 Nd7 13. Be2 Re8 14. Nxe4 fxe4 15. Bg5 Nf6 16. Ne5 Rf8 17. 0-0 Qe8 18. Bf4 Nd7 19. f3 Nxe5 20. dxe5 exf3 21. Rxf3 Bd7 22. Bd3 g6 23. Rg3 Rf5 24. Bxf5 exf5 25. e6 Bxf4 26. exd7 Bxe3+ 27. Kf1 Qe5 28. Rxe3 Qxe3 29. Re1 Qf4+ 30. Kg1 Kf7 31. Qe2 Qe4 32. Qf2 Qc4 33. Qg3 Qd4+ 34. Kh2 Rd8 35. Qc7 Qh4 36. Re8 Rxe8 37. d8Q+ Re7 38. Qcb8 1-0

[Event "POL-chT 2nd League"]
[Site "Lublin"]
[Date "2006.09.05"]
[Round "4.66"]
[White "Rzepecka, Dorota"]
[Black "Wesolowska, Magdalena"]
[Result "0-1"]
[WhiteElo "1923"]
[BlackElo "2035"]
[PlyCount "98"]
[EventDate "2006.09.02"]
[EventType "team-swiss"]
[EventRounds "9"]
[EventCountry "POL"]
[SourceTitle "EXT 2019"]
[Source "ChessBase"]
[SourceDate "2018.10.10"]
[SourceVersion "1"]
[SourceVersionDate "2018.10.10"]
[SourceQuality "1"]
[WhiteTeam "Miedzyborow Wrzos"]
[BlackTeam "Bydgoszcz Chemik"]
[WhiteTeamCountry "POL"]
[BlackTeamCountry "POL"]

1. e4 c6 2. d4 d5 3. exd5 cxd5 4. c4 Nf6 5. Nc3 Nc6 6. Nf3 Bg4 7. cxd5 Nxd5 8. Qb3 Bxf3 9. gxf3 e6 10. Qxb7 Nxd4 11. Bb5+ Nxb5 12. Qxb5+ Qd7 13. Nxd5 exd5 14. Qxd7+ Kxd7 15. Be3 Bd6 16. 0-0-0 Kc6 17. h3 Bc5 18. Rhe1 Rhe8 19. Bxc5 Kxc5 20. Kd2 Rab8 21. b3 Re6 22. Kd3 Rbe8 23. Rc1+ Kd6 24. Re3 Rb8 25. Re2 Rh6 26. Rec2 Rxh3 27. Rc6+ Ke5 28. Re1+ Kf4 29. Re7 Rxf3+ 30. Kd4 Kg5 31. Rxa7 h5 32. Rc1 Rd8 33. Rg1+ Kh6 34. Ra6+ g6 35. b4 Rf4+ 36. Kc5 Rc4+ 37. Kb5 Rb8+ 38. Ka5 Rbxb4 39. Rf6 Rb7 40. Rd6 Rc8 41. Rd1 Ra8+ 42. Ra6 Rba7 43. Rxa7 Rxa7+ 44. Kb4 Rxa2 45. f4 Rf2 46. Rd4 h4 47. Kc3 h3 48. Rd3 Rxf4 49. Rxh3+ Kg5 0-1

[Event "Ostroda op"]
[Site "Ostroda"]
[Date "2006.08.09"]
[Round "4.1"]
[White "Michalak, Robert"]
[Black "Wesolowska, Magdalena"]
[Result "0-1"]
[WhiteElo "1784"]
[BlackElo "2035"]
[PlyCount "122"]
[EventDate "2006.08.07"]
[EventType "swiss"]
[EventRounds "9"]
[EventCountry "POL"]
[SourceTitle "CBM 113 Extra"]
[Source "ChessBase"]
[SourceDate "2006.09.14"]
[SourceVersion "1"]
[SourceVersionDate "2006.09.14"]
[SourceQuality "1"]

1. d4 d5 2. Bg5 Nf6 3. e3 Bf5 4. Bd3 Bg6 5. c3 e6 6. Bxg6 hxg6 7. Qd3 Nbd7 8. Nd2 Be7 9. f4 c5 10. Ngf3 a6 11. Ke2 b5 12. Ne5 Nxe5 13. fxe5 Nd7 14. Bxe7 Qxe7 15. e4 Qg5 16. Qf3 cxd4 17. cxd4 Nb6 18. exd5 exd5 19. Rac1 Rh4 20. Rhf1 Ra7 21. Rc6 Rxd4 22. Nb3 Qxe5+ 23. Kf2 Rf4 24. Re1 Rxf3+ 25. gxf3 Qxe1+ 26. Kxe1 Nc4 27. Nc5 Nxb2 28. Nxa6 Kd7 29. Nb8+ Ke7 30. Na6 d4 31. Kd2 Nc4+ 32. Ke2 d3+ 33. Kd1 Rd7 34. Rc7 Ne3+ 35. Kd2 Nf1+ 36. Kd1 Nxh2 37. f4 Rxc7 38. Nxc7 Kd6 39. Nxb5+ Kc5 40. Nc7 Nf3 41. Ne8 Kc4 42. Nd6+ Kc3 43. Ne4+ Kb4 44. Nd6 f6 45. Ne8 g5 46. fxg5 fxg5 47. Nxg7 g4 48. Nf5 Ka3 49. Ne3 g3 50. Ng2 Kxa2 51. Nf4 Kb1 52. Ng2 Kb2 53. Nf4 Kc3 54. Ng2 Kd4 55. Kc1 Ne5 56. Kd2 Nc4+ 57. Ke1 d2+ 58. Ke2 Kc3 59. Kd1 Nb2+ 60. Ke2 d1Q+ 61. Ke3 Nc4+ 0-1

[Event "Kowalewo Pomorskie op"]
[Site "Kowalewo Pomorskie"]
[Date "2006.07.??"]
[Round "6"]
[White "Szczesniak, Andrzej"]
[Black "Wesolowska, Magdalena"]
[Result "1/2-1/2"]
[WhiteElo "2081"]
[BlackElo "2035"]
[PlyCount "40"]
[EventDate "2006.07.??"]
[EventType "swiss"]
[EventRounds "9"]
[EventCountry "POL"]
[SourceTitle "CBM 113 Extra"]
[Source "ChessBase"]
[SourceDate "2006.09.14"]
[SourceVersion "1"]
[SourceVersionDate "2006.09.14"]
[SourceQuality "1"]

1. e4 c6 2. d3 e5 3. f4 exf4 4. Bxf4 Bc5 5. d4 Bb6 6. Nc3 d5 7. exd5 cxd5 8. Qf3 Be6 9. Nb5 Nf6 10. Nd6+ Kf8 11. Nxb7 Ba5+ 12. c3 Qb6 13. Nxa5 Qxa5 14. Bd6+ Kg8 15. Bd3 Nc6 16. Ne2 Bg4 17. Qf2 Bxe2 18. Bxe2 Ne4 19. Qf4 Nxd4 20. Bc7 Nxe2 1/2-1/2

[Event "KPZS-ch"]
[Site "Sepolno Kraj"]
[Date "2006.06.26"]
[Round "4"]
[White "Karpinski, Bartlomiej"]
[Black "Wesolowska, Magdalena"]
[Result "1-0"]
[WhiteElo "1800"]
[BlackElo "2039"]
[PlyCount "93"]
[EventDate "2006.06.24"]
[EventType "swiss"]
[EventRounds "9"]
[EventCountry "POL"]
[SourceTitle "EXT 2007"]
[Source "ChessBase"]
[SourceDate "2006.11.23"]
[SourceVersion "1"]
[SourceVersionDate "2006.11.23"]
[SourceQuality "1"]

1. e4 c6 2. d4 d5 3. exd5 cxd5 4. Bd3 Nc6 5. c3 Nf6 6. Nf3 Bg4 7. Bf4 Bxf3 8. Qxf3 e6 9. 0-0 Bd6 10. Bxd6 Qxd6 11. Re1 0-0 12. Qg3 Qxg3 13. hxg3 Rab8 14. Nd2 Nd7 15. Rab1 Rfc8 16. f4 g6 17. Nf3 b5 18. a3 Na5 19. Ne5 Nxe5 20. dxe5 h5 21. Kf2 Nb3 22. Ke3 a5 23. Bc2 Nc5 24. Rec1 b4 25. axb4 axb4 26. Bd3 Nxd3 27. Kxd3 Rc4 28. b3 Rc5 29. cxb4 Rcb5 30. Rc3 Rxb4 31. Kc2 h4 32. Rf1 Re4 33. Kd2 Rd4+ 34. Kc2 Ra8 35. Kb2 Rd2+ 36. Rc2 Rxc2+ 37. Kxc2 Ra2+ 38. Kc3 hxg3 39. b4 Rxg2 40. b5 Rf2 41. Rg1 Rxf4 42. Rxg3 Rc4+ 43. Kb3 Kf8 44. Rg1 Ke8 45. Ra1 Kd7 46. Ra7+ Rc7 47. b6 1-0

[Event "Chojnice op-A 2nd"]
[Site "Chojnice"]
[Date "2006.??.??"]
[Round "6"]
[White "Olszewski, Marek"]
[Black "Wesolowska, Magdalena"]
[Result "1-0"]
[WhiteElo "2152"]
[BlackElo "2035"]
[PlyCount "31"]
[EventDate "2006.07.??"]
[EventType "swiss"]
[EventRounds "9"]
[EventCountry "POL"]
[SourceTitle "EXT 2007"]
[Source "ChessBase"]
[SourceDate "2006.11.23"]
[SourceVersion "1"]
[SourceVersionDate "2006.11.23"]
[SourceQuality "1"]

1. e4 c6 2. Nc3 d5 3. Nf3 Bg4 4. h3 Bxf3 5. Qxf3 d4 6. Bc4 e6 7. Ne2 b5 8. Bb3 c5 9. d3 Nd7 10. Qg3 g6 11. 0-0 Bg7 12. f4 Ne7 13. f5 exf5 14. exf5 Be5 15. fxg6 Bxg3 16. gxf7+ 1-0

[Event "Chojnice op-A 2nd"]
[Site "Chojnice"]
[Date "2006.??.??"]
[Round "5"]
[White "Wesolowska, Magdalena"]
[Black "Szadkowski, Kamil"]
[Result "1/2-1/2"]
[WhiteElo "2035"]
[BlackElo "2165"]
[PlyCount "52"]
[EventDate "2006.07.??"]
[EventType "swiss"]
[EventRounds "9"]
[EventCountry "POL"]
[SourceTitle "EXT 2007"]
[Source "ChessBase"]
[SourceDate "2006.11.23"]
[SourceVersion "1"]
[SourceVersionDate "2006.11.23"]
[SourceQuality "1"]

1. d4 Nf6 2. c4 e6 3. Nf3 b6 4. Nc3 Bb7 5. Bg5 Be7 6. e3 Ne4 7. Nxe4 Bxe4 8. Bxe7 Qxe7 9. Rc1 Bxf3 10. gxf3 0-0 11. Bg2 f5 12. f4 c6 13. 0-0 d5 14. cxd5 cxd5 15. Qa4 Qd7 16. Qxd7 Nxd7 17. Rc7 Nf6 18. Rfc1 Rf7 19. Bf1 Re8 20. Ba6 Ree7 21. R7c6 Rf8 22. Bc8 Kf7 23. f3 Rd8 24. Kf2 Ne8 25. b3 Rd6 26. a4 Kf6 1/2-1/2

[Event "Chojnice op-A 2nd"]
[Site "Chojnice"]
[Date "2006.??.??"]
[Round "3"]
[White "Wesolowska, Magdalena"]
[Black "Wesolowska, Edyta"]
[Result "1/2-1/2"]
[WhiteElo "2035"]
[BlackElo "1898"]
[PlyCount "34"]
[EventDate "2006.07.??"]
[EventType "swiss"]
[EventRounds "9"]
[EventCountry "POL"]
[SourceTitle "EXT 2007"]
[Source "ChessBase"]
[SourceDate "2006.11.23"]
[SourceVersion "1"]
[SourceVersionDate "2006.11.23"]
[SourceQuality "1"]

1. d4 d5 2. c4 e6 3. Nf3 Nf6 4. Bg5 Be7 5. e3 0-0 6. Nc3 c6 7. Rc1 Nbd7 8. Bd3 dxc4 9. Bxc4 Nd5 10. Bxe7 Qxe7 11. Ne4 N5f6 12. Ng3 c5 13. 0-0 b6 14. Qe2 Bb7 15. Rfd1 Rfd8 16. a3 Rac8 17. Ba2 cxd4 1/2-1/2

[Event "Chojnice op-A 2nd"]
[Site "Chojnice"]
[Date "2006.??.??"]
[Round "1"]
[White "Wesolowska, Magdalena"]
[Black "Wlodarczyk, Oskar"]
[Result "0-1"]
[WhiteElo "2035"]
[BlackElo "2282"]
[PlyCount "72"]
[EventDate "2006.07.??"]
[EventType "swiss"]
[EventRounds "9"]
[EventCountry "POL"]
[SourceTitle "EXT 2007"]
[Source "ChessBase"]
[SourceDate "2006.11.23"]
[SourceVersion "1"]
[SourceVersionDate "2006.11.23"]
[SourceQuality "1"]

1. d4 Nf6 2. c4 g6 3. Nc3 d5 4. e3 Bg7 5. Nf3 0-0 6. Be2 dxc4 7. Bxc4 Nbd7 8. 0-0 c5 9. Qe2 a6 10. a4 Qc7 11. Rd1 cxd4 12. exd4 Nb6 13. Ba2 e6 14. Bg5 Qd6 15. Ne5 Nbd5 16. Bxd5 exd5 17. Qf3 Ne4 18. Nxe4 dxe4 19. Qxe4 Re8 20. Be3 f6 21. Nc4 Qxh2+ 22. Kxh2 Rxe4 23. f3 Re8 24. Nb6 Ra7 25. Nxc8 Rxc8 26. d5 b6 27. a5 Re7 28. Bxb6 f5 29. Rd2 Bh6 30. Rd3 Bg7 31. Bd4 Rc2 32. Bxg7 Kxg7 33. d6 Ree2 34. d7 Rxg2+ 35. Kh3 g5 36. Rh1 f4 0-1

[Event "Krakow op-B"]
[Site "Krakow"]
[Date "2005.12.29"]
[Round "3"]
[White "Belzo, Krzysztof"]
[Black "Wesolowska, Magdalena"]
[Result "1-0"]
[WhiteElo "1974"]
[BlackElo "2051"]
[PlyCount "112"]
[EventDate "2005.12.27"]
[EventType "swiss"]
[EventRounds "9"]
[EventCountry "POL"]
[SourceTitle "CBM 110 Extra"]
[Source "ChessBase"]
[SourceDate "2006.03.10"]
[SourceVersion "2"]
[SourceVersionDate "2006.03.10"]
[SourceQuality "1"]

1. g3 d5 2. Bg2 c5 3. c4 Nf6 4. cxd5 Nxd5 5. Nf3 Nc6 6. 0-0 g6 7. d4 e6 8. e4 Nf6 9. d5 exd5 10. exd5 Qxd5 11. Qe2+ Qe6 12. Qb5 a6 13. Qa4 Qg4 14. Bf4 Bd7 15. Re1+ Be7 16. Qb3 Bc8 17. Ng5 Nd8 18. Bh3 Qh5 19. Bd6 Ng8 20. Bxc8 Rxc8 21. Bxe7 Nxe7 22. Ne4 Qe5 23. Nbc3 0-0 24. Rad1 c4 25. Qa3 Rc7 26. Nd6 Qf6 27. Nce4 Qg7 28. Qa5 Ne6 29. Ng5 Nxg5 30. Qxg5 Nf5 31. Nxf5 gxf5 32. Qf4 Rc5 33. Rd4 Rc6 34. Re5 Qg4 35. Qd2 Qf3 36. Re3 Qh5 37. Re7 b5 38. h4 Qg6 39. Re3 Qf6 40. Rf3 Re8 41. Rd5 Re5 42. Rd7 Rce6 43. Qf4 Qh6 44. Rd8+ Kg7 45. Qd4 Qf6 46. Kg2 Re2 47. Qd5 Qe5 48. Qa8 Re8 49. Rxe8 Qxe8 50. Qxa6 Rxb2 51. Rxf5 Qe4+ 52. Rf3 Qe6 53. Qa5 Rb1 54. Qc3+ f6 55. Qd4 b4 56. g4 Kg6 1-0

[Event "POL-chT 2nd League"]
[Site "Wysowa"]
[Date "2005.09.02"]
[Round "7.48"]
[White "Wesolowska, Magdalena"]
[Black "Grzelachowska, Grazyna"]
[Result "1-0"]
[WhiteElo "2020"]
[BlackElo "1990"]
[PlyCount "57"]
[EventDate "2005.08.27"]
[EventType "team-swiss"]
[EventRounds "9"]
[EventCountry "POL"]
[SourceTitle "EXT 2019"]
[Source "ChessBase"]
[SourceDate "2018.10.10"]
[SourceVersion "1"]
[SourceVersionDate "2018.10.10"]
[SourceQuality "1"]
[WhiteTeam "Bydgoszcz Chemik"]
[BlackTeam "Gniezno LKS Chrobry"]
[WhiteTeamCountry "POL"]
[BlackTeamCountry "POL"]

1. d4 d5 2. Nf3 Nf6 3. c4 c6 4. Nc3 dxc4 5. e3 b5 6. a4 Nd5 7. Qc2 Nxc3 8. Qxc3 Qb6 9. axb5 cxb5 10. b3 b4 11. Qxc4 Nd7 12. Qb5 a6 13. Qa4 f6 14. Bd2 e6 15. Bb5 Ra7 16. 0-0 Bd6 17. Rfc1 Ke7 18. Bxb4 Bxb4 19. Qxb4+ Kf7 20. Qa4 Rd8 21. h3 Qb7 22. Bc6 Qb8 23. Qa5 Rf8 24. Rc3 Qd6 25. Rac1 Nb8 26. Be4 f5 27. Rxc8 fxe4 28. Ne5+ Ke7 29. Nd7 1-0